| 000 | 01940nam a2200433 i 4500 | ||
|---|---|---|---|
| 001 | ebr10600380 | ||
| 003 | CaPaEBR | ||
| 006 | m o d | ||
| 007 | cr cn||||||||| | ||
| 008 | 140619t20122012be a ob 100 0 eng d | ||
| 020 | _z9789052017846 | ||
| 020 | _a9783035261530 (e-book) | ||
| 040 |
_aCaPaEBR _beng _erda _epn _cCaPaEBR |
||
| 035 | _a(OCoLC)818871471 | ||
| 050 | 1 | 4 |
_aHQ799.2.I5 _b.E968 2012eb |
| 082 | 0 | 4 |
_a004.67/80835 _223 |
| 245 | 0 | 0 |
_aE-youth : _bbalancing between opportunities and risks / _cMichel Walrave [and four others], editors. |
| 264 | 1 |
_aBrussels, [Belguim] : _bP.I.E. Peter Lang, _c2012. |
|
| 264 | 4 | _c�2012 | |
| 300 |
_a1 online resource (300 pages) : _billustrations |
||
| 336 |
_atext _2rdacontent |
||
| 337 |
_acomputer _2rdamedia |
||
| 338 |
_aonline resource _2rdacarrier |
||
| 500 | _a"Papers presented at a conference organised by UCSIA and MIOS University of Antwerp"--Preface. | ||
| 504 | _aIncludes bibliographical references at the end of each chapters. | ||
| 588 | _aDescription based on print version record. | ||
| 590 | _aElectronic reproduction. Palo Alto, Calif. : ebrary, 2014. Available via World Wide Web. Access may be limited to ebrary affiliated libraries. | ||
| 650 | 0 |
_aCyberbullying _vCongresses. |
|
| 650 | 0 |
_aInternet and teenagers _vCongresses. |
|
| 650 | 0 |
_aInternet and children _vCongresses. |
|
| 650 | 0 |
_aInternet _xSafety measures _vCongresses. |
|
| 650 | 0 |
_aTechnology and youth _vCongresses. |
|
| 650 | 0 |
_aTechnology and children _vCongresses. |
|
| 655 | 0 | _aElectronic books. | |
| 700 | 1 |
_aWalrave, Michel, _eeditor. |
|
| 776 | 0 | 8 |
_iPrint version: _tE-youth : balancing between opportunities and risks. _dBrussels, [Belguim] : P.I.E. Peter Lang, c2012 _h296 pages _z9789052017846 _w2011045111 |
| 797 | 2 | _aebrary. | |
| 856 | 4 | 0 |
_uhttp://site.ebrary.com/lib/rucke/Doc?id=10600380 _zAn electronic book accessible through the World Wide Web; click to view |
| 999 |
_c110410 _d110410 |
||